000 01053nam a2200445Ia 4500
001 1176
008 191123s9999 xx 000 0 und d
041 _afre
044 _afr
260 _aParis :
_bEl museo,
_c1937.
300 _a32 p.
_bilus. b/n
650 _aARTE EGIPCIO
650 _aARTE GRIEGO
650 _aARTE ROMANO
650 _aEDAD MEDIA
650 _aESCUELA FLAMENCA
650 _aESCUELA FRANCESA
650 _aESCUELA HOLANDESA
650 _aESCUELA INGLESA
650 _aESCULTURAS
650 _aFRANCIA
650 _aHISTORIA
650 _aMUSEE DU LOUVRE. PARIS
650 _aPINTURAS
650 _aRENACIMIENTO
650 _aSIGLO XIX
650 _aSIGLO XVII
710 _aMusée du Louvre. Paris
902 _aM
903 _am
904 _am
907 _aImpreso
911 _ailus. b/n
912 _a1937
942 _cLIBRO
999 _c967
_d967
490 0 _aLe Musée du Louvre presenté par ses conservateurs.
245 0 _aLe guide par l'image
550 _ailus. b/n